000 00532nam a22001697a 4500
005 20250122184201.0
008 250122b |||||||| |||| 00| 0 eng d
020 _a9780070599123
050 _aHG6024.A4
_b.I277 PAR
100 _aParameswaran Sunil K.
245 _aFuture Markets:
_bTheory and Practice
_cSunil K. Parameswaran
260 _aNew Delhi
_bTata McGraw-Hill Publishing Company Limited
_c2003
300 _axx. 345p.
_bill.
_c23 cm x 15.5 cm
500 _aIncludes Index
650 _2Future Markets
942 _2lcc
_cBK
_n0
999 _c2842
_d2842